Cities in Europe with metro system - Statistics

General Stats
  • This quiz has been taken 19 times
  • The average score is 5 of 12
Answer Stats
Number of stations City % Correct
391 Paris
100%
302 Madrid
88%
270 London
76%
258(+87) Moscow
71%
173 Berlin
65%
187 Barcelona
41%
109 Vienna
29%
100 Munich
18%
113 Milan
12%
101 Oslo
12%
100 Stockholm
12%
137 Valencia
6%
No matching quizzes found
Score Distribution
Percent of People with Each Score
Percentile by Number Answered
Your Score History
You have not taken this quiz